000
00300nam a22001337a 4500
008
181106b xxu||||| |||| 00| 0 eng d
020
_a
0314778624
041
_a
eng
080
_2
3rd
_a
612.39
100
_a
10
101
_a
NUT
245
_a
Understanding Nutrition
_c
Whitney,E.N
942
_2
udc
_c
BK
999
_c
51916
_d
51916